000 00523nam a2200181Ia 4500
003 IN-BaIIA
008 211028s9999 xx 000 0 eng d
020 _a0-85229-760-2
040 _cIIA Library
080 _a31
_bRAM-4
245 0 _aStudent's Britannica India
_bvol. 4, Miraj to Shastri
_cedited by I. Ramchandani
260 _aNew Delhi
_bEncyclopaedia Britannica
_c2000
300 _ax, 390p.
500 _a7 volume set
650 _aBritannica-India
_926949
700 _aRamchandani, I., ed.
_926950
942 _cBK
999 _c14918
_d14918